Diseño de pavimento rígido de 6.78 kilómetros de Carretera tramo León- La Ceiba

Presenta un diseño de pavimento rígido a partir de concreto hidráulico de 6.78 kilómetro de carretera, la cual comunica a León municipio y La Ceiba, utilizando como herramienta principal el método de PCA del cual ayudará a proponer un espesor óptimo de pavimento que permita mejorar la infrae...

Full description

Bibliographic Details
Main Author: Morales Briseño, Fabio Rene
Other Authors: Tutor: Bustamante Arteaga, José Fernando
Format: Tesis Section = Libro
Language:Undetermined
Spanish
Published: Managua UNI 2016
Subjects:
LEADER 01094nam a2200241Ia 4500
008 240830s9999 xx 000 0 und d
040 |a BIBLIOTECA-RUPAP T.Mon 625.85 M828 
041 |a spa 
082 |a T.Mon 625.85 M828 
100 1 |a Morales Briseño, Fabio Rene 
245 1 0 |a Diseño de pavimento rígido de 6.78 kilómetros de Carretera tramo León- La Ceiba 
260 |a Managua  |b UNI  |c 2016 
300 |a 122 p. :il. 
500 |a Contiene: anexos. 
502 |a Tesis (Ingeniero Civil)- UNI, 2016. 
520 3 |a Presenta un diseño de pavimento rígido a partir de concreto hidráulico de 6.78 kilómetro de carretera, la cual comunica a León municipio y La Ceiba, utilizando como herramienta principal el método de PCA del cual ayudará a proponer un espesor óptimo de pavimento que permita mejorar la infraestructura vial de los municipios referidos. 
650 7 |a PAVIMENTOS 
650 7 |b PAVIMENTOS RIGIDO 
650 7 |c CARRETERAS-MANTENIMIENTO Y REPARACION 
700 1 |a Tutor:  |b Bustamante Arteaga, José Fernando 
942 |c BK  |2 ddc 
991 |a TESIS 
999 |c 18378